Normal view
MARC view
- Business Administration
Entry Topical Term
001 - CONTROL NUMBER
- control field: 41009
003 - CONTROL NUMBER IDENTIFIER
- control field: OSt
005 - DATE AND TIME OF LATEST TRANSACTION
- control field: 20200107112822.0
008 - FIXED-LENGTH DATA ELEMENTS
- fixed length control field: 200107|| aca||aabn | a|a d
040 ## - CATALOGING SOURCE
- Original cataloging agency: OSt
- Transcribing agency: OSt
150 ## - HEADING--TOPICAL TERM
- Topical term or geographic name entry element: Business Administration
- Form subdivision: Human Resources Managemnent
- General subdivision: Undergraduate thesis;
670 ## - SOURCE DATA FOUND
- Source citation: Work cat.: (OSt): Lovely Sarah A. LaspiƱas 41008, Social emotional influences among teachers basis for school improvement:, March 2019
